Гидрогеологические и инженерно-геологические условия нижней части бассейна реки Томи (Томская область): диссертация на соискание ученой степени кандидата геолого-минералогических наук; спец. 25.00.07; спец. 25.00.08

Dades bibliogràfiques
Autor principal: Абдель Азиз Эль Шинави
Autor corporatiu: Национальный исследовательский Томский политехнический университет (ТПУ)
Altres autors: Шварцев С. Л. Степан Львович (научный руководитель)
Sumari:Защищена 30.05.2012 г.
Idioma:rus
Publicat: Томск, 2012
Matèries:
Format: Llibre
KOHA link:https://koha.lib.tpu.ru/cgi-bin/koha/opac-detail.pl?biblionumber=217722

MARC

LEADER 00000nbm0a2200000 4500
001 217722
005 20231101230134.0
035 |a (RuTPU)RU\TPU\book\237724 
035 |a RU\TPU\book\237723 
090 |a 217722 
100 |a 20120607j20120530k y0rusy50 ca 
101 0 |a rus 
102 |a RU 
105 |a a m 001zy 
200 1 |a Гидрогеологические и инженерно-геологические условия нижней части бассейна реки Томи (Томская область)  |e диссертация на соискание ученой степени кандидата геолого-минералогических наук  |e спец. 25.00.07  |e спец. 25.00.08  |f Абдель Азиз Эль Шинави  |g Национальный исследовательский Томский политехнический университет (ТПУ) ; науч. рук. С. Л. Шварцев 
210 |a Томск  |d 2012 
215 |a 218 л.  |c ил. 
300 |a Защищена 30.05.2012 г. 
320 |a Библиогр.: с. 213-218 (84 назв.). 
452 1 |0 (RuTPU)RU\TPU\book\344318  |t Гидрогеологические и инженерно-геологические условия нижней части бассейна реки Томи (Томская область)  |o диссертация на соискание ученой степени кандидата геолого-минералогических наук  |o спец. 25.00.07  |o спец. 25.00.08  |f Абдель Азиз Фавзи Махмуд Эль Шинави Эль Хайес  |g Национальный исследовательский Томский политехнический университет (ТПУ) ; науч. рук. С. Л. Шварцев  |c Томск  |d 2012 
606 1 |a Гидрогеология  |y Сибирь и Дальний Восток  |2 stltpush  |3 (RuTPU)RU\TPU\subj\71714  |9 85497 
606 1 |a Инженерно-геологические изыскания  |2 stltpush  |3 (RuTPU)RU\TPU\subj\12581  |9 39344 
610 1 |a река Томь 
610 1 |a территории 
610 1 |a физико-географические исследования 
610 1 |a геологическое строение 
610 1 |a гидрогеологические условия 
610 1 |a инженерно-геологические условия 
610 1 |a диссертации 
675 |a 556.3(571)(04)  |v 3 
675 |a 624.131.1(04)(04)  |v 3 
686 |a 25.00.07  |2 oksvnk 
686 |a 25.00.08  |2 oksvnk 
700 0 |a Абдель Азиз Эль Шинави  |c геолог  |c аспирант Томского политехнического университета  |c полное имя Абдель Азиз Фавзи Махмуд Эль Шинави Эль Хайес  |f 1982-  |2 stltpush  |3 (RuTPU)RU\TPU\pers\28760 
702 1 |a Шварцев  |b С. Л.  |c российский гидрогеолог, доктор геолого-минералогических наук  |c профессор Томского политехнического университета, академик РАЕН  |f 1936-  |g Степан Львович  |2 stltpush  |3 (RuTPU)RU\TPU\pers\25914  |4 727 
712 0 2 |a Национальный исследовательский Томский политехнический университет (ТПУ)  |c (2009- )  |2 stltpush  |3 (RuTPU)RU\TPU\col\15902 
801 1 |a RU  |b 63413507  |c 20120607 
801 2 |a RU  |b 63413507  |c 20160506  |g RCR 
942 |c BK